An '-ESE' Geography Quiz Stats

Quiz Updated Feb 17, 2012

Challenge
Share
Tweet
Embed
Score 0/23 Timer 07:00
13 Plays Today
Country or Citizen name % Correct
China (Chinese)
96.2%
Japan (Japanese)
92.2%
Vietnam (Vietnamese)
67.3%
Portugal (Portuguese)
60.1%
Taiwan (Taiwanese)
54.5%
Myanmar (Myanmarese)
42.6%
Lebanon (Lebanese)
42.3%
Nepal (Nepalese)
40.9%
Sudan (Sudanese)
35.3%
Dem. Rep. of the Congo (Congolese)
30.3%
Malta (Maltese)
29.2%
Senegal (Senegalese)
27.6%
Country or Citizen name % Correct
Rep of the Congo (Congolese)
27.3%
Bhutan (Bhutanese)
26.1%
Togo (Togolese)
20.5%
Guyana (Guyanese)
18.8%
Suriname (Surinamese)
16%
Benin (Beninese)
15.8%
Gabon (Gabonese)
15.6%
South Sudan (South Sudanese)
11.9%
Timor-Leste (East Timorese)
11.5%
Marshall Islands (Marshallese)
7.8%
San Marino (Sammarinese or San Marinese)
7.7%

You're not logged in!

Compare scores with friends on all Sporcle quizzes.
Sign Up with Email
OR
Log In

You Might Also Like...

Show Comments

Extras

Top Quizzes Today


Score Distribution

Your Account Isn't Verified!

In order to create a playlist on Sporcle, you need to verify the email address you used during registration. Go to your Sporcle Settings to finish the process.